Istanbul Metro Stations - Sudden Death - Statistics

General Stats
  • This quiz has been taken 365 times
  • The average score is 13 of 22
Answers on the Grid
Answers color-coded by a green-red scale on the quiz's grid according to % correct below.
Taksim
Mısır Çarşısı
Dolmabahçe Sarayı
Üsküdar
Bağdat Caddesi
Levent
Eminönü
Ayasofya
Silivri
Acıbadem
Kadıköy
Bağcılar
Yıldız
Çiçek Pasajı
Ataköy
Emirgan Korusu
Bostancı
Gebze
Çırağan Sarayı
Yenikapı
Büyükdere Caddesi
Aksaray
Bakırköy
Tuzla
Bankalar Caddesi
Haliç
Nişantaşı
Sirkeci
Miniatürk
Zeytinburnu
Pendik
Barbaros Bulvarı
Topkapı
Maltepe
Yerebatan Sarnıcı
Kabataş
 
Answer Stats
Answer % Correct
Taksim
81%
Üsküdar
72%
Kadıköy
69%
Yenikapı
67%
Bostancı
66%
Levent
63%
Maltepe
63%
Pendik
63%
Ataköy
59%
Bakırköy
59%
Eminönü
59%
Haliç
59%
Sirkeci
59%
Bağcılar
58%
Acıbadem
56%
Aksaray
56%
Gebze
56%
Kabataş
55%
Yıldız
55%
Zeytinburnu
55%
Topkapı
50%
Tuzla
49%
No matching quizzes found
Score Distribution
Percent of People with Each Score
Percentile by Number Answered
Your Score History
You have not taken this quiz